Mathematische hilfsmittel des ingnieurs
Αποθηκεύτηκε σε:
| Κύριος συγγραφέας: | |
|---|---|
| Άλλοι συγγραφείς: | |
| Μορφή: | Βιβλίο |
| Γλώσσα: | German |
| Δημοσίευση: |
Berlin :
Springer-Verlag,
1967-
|
| Σειρά: | Grundlehren der mathematischen Wissenschaften in Einzeldarstellungen mit besonderer Berucksichtigung der Anwendungsgebiete ;
; 139-140-142 |
| Θέματα: | |
| Ετικέτες: |
Προσθήκη ετικέτας
Δεν υπάρχουν, Καταχωρήστε ετικέτα πρώτοι!
|
MARC
| LEADER | 00000nam a2200000 i 4500 | ||
|---|---|---|---|
| 001 | 1/51308 | ||
| 008 | 980820s19671969 ger d | ||
| 035 | |l 10044107 | ||
| 040 | |a GR-MY-UA |b gre |e aacr | ||
| 041 | 0 | |a ger | |
| 082 | 0 | |a 510 | |
| 100 | 1 | |a Sauer, R. |q (Robert) |d 1898- | |
| 245 | 1 | 0 | |a Mathematische hilfsmittel des ingnieurs / |c herausgegeben von R. Sauer, I. Szabo ; unter mitwirkung von H. Neuber... [u.a]. |
| 260 | |a Berlin : |b Springer-Verlag, |c 1967- | ||
| 300 | |a 3 v.; |c 24 cm. | ||
| 490 | 1 | |a Grundlehren der mathematischen Wissenschaften in Einzeldarstellungen mit besonderer Berucksichtigung der Anwendungsgebiete |v ; 139-140-142 | |
| 504 | |a Includes bibliography | ||
| 650 | 0 | 0 | |a Mathematics. |
| 650 | 0 | 0 | |a Engineering mathematics. |
| 700 | 1 | |a Szabo, Istvan |d 1906- | |
| 830 | 0 | |a Grundlehren der mathematischen Wissenschaften in Einzeldarstellungen mit besonderer Berucksichtigung der Anwendungsgebiete ; |v ; 139-140-142 | |
| 852 | |a INST |b SAMOS |e 19980827 |h 510 SAU |p 005300009626 |q 005300009626 |t BK |y 0 |z v.4 | ||
| 852 | |a INST |b SAMOS |e 19980820 |h 510 SAU |p 005300009653 |q 005300009653 |t BK |y 0 |z v.2 | ||
| 852 | |a INST |b SAMOS |e 19980820 |h 510 SAU |p 005300020494 |q 005300020494 |t BK |y 0 |z v.1 | ||
| 852 | |a INST |b SAMOS |e 19980827 |h 510 SAU |p 005300009626 |q 005300009626 |t BK |v v.4: |y 0 |z v.4 | ||
| 852 | |a INST |b SAMOS |e 19980820 |h 510 SAU |p 005300009653 |q 005300009653 |t BK |v v.2: |y 0 |z v.2 | ||
| 852 | |a INST |b SAMOS |e 19980820 |h 510 SAU |p 005300020494 |q 005300020494 |t BK |v v.1: |y 0 |z v.1 | ||
| 853 | |a INST |b SAMOS |h 510 SAU | ||
| 901 | |a BIBL-1998-2 | ||
| 909 | |a Σ |b 041587 | ||
| 909 | |a Σ |b 041588 | ||
| 909 | |a Σ |b 041558 | ||
| 922 | |a 3ΕΛΗ |b 199808 |c ΒΙΒΛΙΟΘΗΚΗ |d ΚΩΣΤΑΡΑΚΗΣ | ||